History - European History | 0 | 6 | 1 | 3 | 55 | 74 | 105.50 | 1 | 4 |
History - Other History | 0 | 5 | 0 | 0 | 50 | 71 | 97.80 | 1 | 4 |
History - American History | 0 | 5 | 1 | 0 | 45 | 69 | 76.80 | 2 | 4 |
Fine Arts - Other Fine Arts | 0 | 4 | 0 | 0 | 40 | 93 | 109.00 | 1 | 2 |
Mythology | 0 | 4 | 1 | 0 | 35 | 39 | 82.00 | 2 | 3 |
Fine Arts - Painting & Sculpture | 0 | 3 | 0 | 2 | 30 | 129 | 132.33 | 0 | 2 |
Literature - World Literature | 0 | 3 | 0 | 0 | 30 | 58 | 91.67 | 1 | 2 |
Social Science | 0 | 2 | 0 | 0 | 20 | 94 | 109.00 | 0 | 2 |
Literature - British Literature | 0 | 2 | 0 | 0 | 20 | 85 | 96.50 | 1 | 2 |
Other | 0 | 2 | 0 | 0 | 20 | 86 | 95.00 | 0 | 1 |
History - World History | 0 | 2 | 1 | 0 | 15 | 71 | 90.00 | 0 | 2 |
Fine Arts - Classical Music | 0 | 1 | 0 | 0 | 10 | 103 | 103.00 | 0 | 0 |
Literature - European Literature | 0 | 1 | 1 | 0 | 5 | 119 | 119.00 | 0 | 1 |
Religion | 0 | 0 | 0 | 0 | 0 | | 0.00 | 0 | 0 |
Science - Chemistry | 0 | 0 | 0 | 0 | 0 | | 0.00 | 0 | 0 |